Исследование системы с обратной связью, рекуррентным обслуживанием и неординарным пуассоновским входящим потоком; Информационные технологии и математическое моделирование (ИТММ-2020)

Λεπτομέρειες βιβλιογραφικής εγγραφής
Parent link:Информационные технологии и математическое моделирование (ИТММ-2020).— 2021.— [С. 223-227]
Κύριος συγγραφέας: Назаров А. А. Александр Анатольевич
Συγγραφή απο Οργανισμό/Αρχή: Национальный исследовательский Томский политехнический университет Школа базовой инженерной подготовки Отделение математики и информатики
Άλλοι συγγραφείς: Рожкова С. В. Светлана Владимировна, Титаренко Е. Ю. Екатерина Юрьевна
Περίληψη:Заглавие с экрана
В настоящее время для обеспечения надежности инфокоммуникационных систем используют модель RQ-системы с обратными связями, которая предполагает повторное облуживание заявок, уже получивших обслуживание. Данное исследование посвящено системам массового обслуживания (СМО) с мгновенными и отложенными обратными связями, неординарным пуассоновским входящим потоком, рекуррентным обслуживанием и является продолжением исследования, в котором рассматривалось экспоненциальное обслуживание. При исследовании систем с произвольным облуживанием используются дополнительные переменные, такие, как истекшее и остаточное время. В работе при построении системы уравнений Колмогорова используется истекшее время. В этом случае рассматриваемая система допускает аналитическое решение, в отличие от метода с использованием остаточного времени, при котором необходимо применять асимптотические способы решения. Получено стационарное распределение вероятностей числа заявок на орбите.
Γλώσσα:Ρωσικά
Έκδοση: 2021
Θέματα:
Διαθέσιμο Online:http://itmmconf.tsu.ru/sites/default/files/ITMM-2020.pdf#page=223
Μορφή: MixedMaterials Ηλεκτρονική πηγή Κεφάλαιο βιβλίου
KOHA link:https://koha.lib.tpu.ru/cgi-bin/koha/opac-detail.pl?biblionumber=665480

MARC

LEADER 00000naa0a2200000 4500
001 665480
005 20250818124809.0
035 |a (RuTPU)RU\TPU\network\36679 
035 |a RU\TPU\network\19140 
090 |a 665480 
100 |a 20211008d2021 k y0rusy50 ca 
101 0 |a rus 
102 |a RU 
135 |a drnn ---uucaa 
181 0 |a i  
182 0 |a b 
200 1 |a Исследование системы с обратной связью, рекуррентным обслуживанием и неординарным пуассоновским входящим потоком  |f А. А. Назаров, С. В. Рожкова, Е. Ю. Титаренко 
203 |a Текст  |c электронный 
300 |a Заглавие с экрана 
320 |a [Библиогр.: с. 227 (3 назв.)] 
330 |a В настоящее время для обеспечения надежности инфокоммуникационных систем используют модель RQ-системы с обратными связями, которая предполагает повторное облуживание заявок, уже получивших обслуживание. Данное исследование посвящено системам массового обслуживания (СМО) с мгновенными и отложенными обратными связями, неординарным пуассоновским входящим потоком, рекуррентным обслуживанием и является продолжением исследования, в котором рассматривалось экспоненциальное обслуживание. При исследовании систем с произвольным облуживанием используются дополнительные переменные, такие, как истекшее и остаточное время. В работе при построении системы уравнений Колмогорова используется истекшее время. В этом случае рассматриваемая система допускает аналитическое решение, в отличие от метода с использованием остаточного времени, при котором необходимо применять асимптотические способы решения. Получено стационарное распределение вероятностей числа заявок на орбите. 
463 |t Информационные технологии и математическое моделирование (ИТММ-2020)  |o материалы XIХ Международной научно-практической конференции имени А.Ф. Терпугова, Томск, 2-5 Декабря 2020  |v [С. 223-227]  |d 2021 
610 1 |a труды учёных ТПУ 
610 1 |a электронный ресурс 
700 1 |a Назаров  |b А. А.  |g Александр Анатольевич 
701 1 |a Рожкова  |b С. В.  |c математик  |c профессор Томского политехнического университета, доктор физико-математических наук  |f 1971-  |g Светлана Владимировна  |3 (RuTPU)RU\TPU\pers\25740  |9 11642 
701 1 |a Титаренко  |b Е. Ю.  |c математик  |c старший преподаватель Томского политехнического университета  |f 1975-  |g Екатерина Юрьевна  |3 (RuTPU)RU\TPU\pers\26826  |9 12445 
712 0 2 |a Национальный исследовательский Томский политехнический университет  |b Школа базовой инженерной подготовки  |b Отделение математики и информатики  |3 (RuTPU)RU\TPU\col\23555 
801 2 |a RU  |b 63413507  |c 20230628  |g RCR 
856 4 0 |u http://itmmconf.tsu.ru/sites/default/files/ITMM-2020.pdf#page=223 
942 |c CF